[Event "Feffernitz Raika op 23rd"]
[Site "Feffernitz"]
[Date "2014.08.16"]
[Round "1"]
[White "Wegerle, Joerg"]
[Black "Rabinovich, Yacov"]
[Result "1-0"]
[WhiteElo "2431"]
[BlackElo "1888"]
[PlyCount "157"]
[EventDate "2014.08.16"]
[EventType "swiss"]
[EventRounds "9"]
[EventCountry "AUT"]
[SourceTitle "CBM 161 Extra"]
[Source "ChessBase"]
[SourceDate "2014.08.29"]
[SourceVersion "1"]
[SourceVersionDate "2014.08.29"]
[SourceQuality "1"]

1. c4 e6 2. Nf3 f5 3. g3 c6 4. Bg2 d5 5. b3 Nf6 6. Bb2 Bd6 7. 0-0 0-0 8. d3 b6 9. Nbd2 Bb7 10. e4 fxe4 11. dxe4 Nxe4 12. Nxe4 dxe4 13. Ng5 Qxg5 14. Qxd6 Qg6 15. Bh3 Na6 16. Qxe6+ Qxe6 17. Bxe6+ Kh8 18. Ba3 c5 19. Rad1 Rad8 20. Rfe1 h6 21. Bh3 Rfe8 22. Bf5 Nb4 23. Bxb4 cxb4 24. Bg6 Rf8 25. h4 a5 26. h5 Kg8 27. g4 Bc6 28. Bf5 Kf7 29. Kf1 Kf6 30. Rxd8 Rxd8 31. Bxe4 Bxe4 32. Rxe4 Rd1+ 33. Re1 Rd2 34. Re2 Rd1+ 35. Kg2 Rd3 36. f3 a4 37. bxa4 Ra3 38. Kg3 Rxa4 39. f4 Ra3+ 40. Kh4 b3 41. axb3 Rxb3 42. f5 Rb4 43. Re6+ Kf7 44. Rc6 Rb1 45. Rc7+ Kf6 46. Rb7 Rb4 47. Rc7 Rb1 48. Rc6+ Kf7 49. Kg3 b5 50. cxb5 Rxb5 51. Rg6 Rb1 52. f6 gxf6 53. Rxh6 Rg1+ 54. Kf3 Rf1+ 55. Kg2 Rf4 56. Kg3 Ra4 57. Rh7+ Kg8 58. Rb7 Rc4 59. h6 Rc1 60. h7+ Kh8 61. Rf7 Rg1+ 62. Kf4 Rf1+ 63. Ke3 Rg1 64. Kf3 Rf1+ 65. Kg2 Rf4 66. Kh3 Rf1 67. g5 Rg1 68. gxf6 Rh1+ 69. Kg4 Rh6 70. Rf8+ Kxh7 71. Kf5 Rh1 72. Rd8 Re1 73. f7 Rf1+ 74. Ke6 Re1+ 75. Kd7 Rd1+ 76. Kc7 Rc1+ 77. Kb6 Rb1+ 78. Kc5 Rc1+ 79. Kb4 1-0